000 00592nam a2200229Ia 4500
003 OSt
005 20220924115655.0
006 a|||||r|||| 00| 0
007 ta
008 220923b |||||||| |||| 00| 0 urd d
024 _a315238
037 _cTextual
040 _aARTS
_cARTS
_burd
041 _2urd
_aurd
082 _aO168,1N48x, P9
100 _aAfroz Alam
_9179128
245 0 _aManazir Janab
260 _aDelhi
_bEdcuatioanl India
_c2009
650 _aURDU POETRY
942 _hO168,1N48x, P9
_cTEXL
_2CC
999 _c399374
_d399374